| 000 | nam a22 7a 4500 | ||
|---|---|---|---|
| 999 |
_c7231 _d7231 |
||
| 003 | OSt | ||
| 005 | 20190607143153.0 | ||
| 008 | 190607e201904 spc||||| |||||0|| 0 spa|d | ||
| 017 |
_aDL. B10020-2019 _bBiblioteca de Catalunya |
||
| 020 | _a9788491804871 | ||
| 040 |
_aES-BaUOC _bcat _cCDMR |
||
| 100 | 1 | _aBernal Triviño, Ana Isabel, | |
| 245 | 1 | 0 |
_aHacia una comunicación feminista _b: cómo informar e informarse sobre violencia machista / _cAna Bernal-Triviño ; prólogo de Ana de Miguel ; prefacio de Ana Pardo de Vera |
| 260 |
_aBarcelona : _bUOC, _c2019 |
||
| 300 |
_a206 p. ; _c23 cm |
||
| 504 | _aBibliografia al final de cada capítol | ||
| 650 | 7 |
_aViolència envers les dones en els mitjans de comunicació de massa _2lemac |
|
| 650 | 7 |
_aSexisme en els mitjans de comunicació de massa _xPrevenció _2lemac _93769 |
|
| 650 | 7 |
_aMitjans de comunicació de massa i dones _xDiferències entre sexes _2lemac _93818 |
|
| 700 | 1 | _aMiguel Álvarez, Ana de, | |
| 700 | 1 | _aPardo de Vera, Ana, | |
| 942 | _cMON | ||